ECLIT- Enhancing cultural learning in brief student exchanges with ICT (projekt rozvoje kulturního vzdělávání s využitím nových technologií)
Projekt ECLIT, ktorý získal podporu v rámci programu Evropské unie Minerva, si od začiatku kládol za cieľ zavádzanie metód, ktoré by umožňovali študentom v rôznych krajinách vzájomnú komunikáciu a prispeli tak k ich medzikultúrnemu vzdelávaniu. Virtuálny kontext a komunikácia o kultúrnom vzdelávaní...
Saved in:
| Main Author: | |
|---|---|
| Format: | Book Chapter |
| Language: | Czech |
| Subjects: | |
| Tags: |
No Tags, Be the first to tag this record!
|
MARC
| LEADER | 00000naa$a2200000$$$4500 | ||
|---|---|---|---|
| 001 | 0001561 | ||
| 005 | 20230919104006.8 | ||
| 041 | 0 | |a cze | |
| 044 | |a CZ | ||
| 245 | 1 | 0 | |a ECLIT- Enhancing cultural learning in brief student exchanges with ICT |b (projekt rozvoje kulturního vzdělávání s využitím nových technologií) |c aut. Paul Whittaker |
| 520 | |a Projekt ECLIT, ktorý získal podporu v rámci programu Evropské unie Minerva, si od začiatku kládol za cieľ zavádzanie metód, ktoré by umožňovali študentom v rôznych krajinách vzájomnú komunikáciu a prispeli tak k ich medzikultúrnemu vzdelávaniu. Virtuálny kontext a komunikácia o kultúrnom vzdelávaní prostredníctvom nových technológií. Medzikultúrne komunikácie a počítače. | ||
| 610 | 2 | 0 | |a Európska únia |
| 610 | 2 | 0 | |a vzdelávanie |
| 610 | 2 | 0 | |a technológie nové |
| 610 | 2 | 0 | |a komunikácia |
| 610 | 2 | 0 | |a komunikácia multikultúrna |
| 610 | 2 | 0 | |a projekty |
| 610 | 2 | 0 | |a ECLIT |
| 100 | 1 | |a Whittaker, Paul | |